[Event "IMSA World Masters Rapid"]
[Site "Hengshui CHN"]
[Date "2019.05.16"]
[EventDate "2019.05.14"]
[Round "9.6"]
[Result "1/2-1/2"]
[White "Hao Wang"]
[Black "Richard Rapport"]
[WhiteElo "2735"]
[BlackElo "2736"]
[PlyCount "148"]

1. d4 Nf6 2. c4 e6 3. g3 Bb4+ 4. Bd2 Be7 5. Bg2 O-O 6. Nf3 b6 7. O-O Bb7 8. Nc3
Na6 9. Rc1 Re8 10. Qc2 d5 11. cxd5 Nb4 12. Qb1 Nbxd5 13. Rfd1 Nxc3 14. Bxc3 Be4
15. Qa1 Qd5 16. Be1 Rac8 17. Nh4 Bxg2 18. Nxg2 Qe4 19. Nf4 c5 20. dxc5 Bxc5 21.
Qb1 Qb7 22. Nd3 Bd6 23. Rxc8 Rxc8 24. Rc1 h5 25. Rxc8+ Qxc8 26. Qc1 Qb7 27. Qg5
Qd5 28. Qxd5 Nxd5 29. e4 Ne7 30. Bc3 Nc6 31. f4 f5 32. exf5 exf5 33. Kf2 Kf7 34.
Ke3 g6 35. Be5 Be7 36. b3 Ke6 37. Bc3 Bd6 38. Ne1 Kd5 39. Nf3 Be7 40. Kd3 a6 41.
a4 b5 42. axb5 axb5 43. Nd4 Nxd4 44. Bxd4 h4 45. gxh4 Bxh4 46. Be3 Bf6 47. Bf2
Be7 48. Bd4 Ba3 49. Ba7 Bb2 50. Be3 Ba3 51. Ba7 Bd6 52. Be3 Bc7 53. Bd2 Kc5 54.
Ke3 Bd8 55. Kd3 Bf6 56. Ba5 Bg7 57. Bc3 Bf8 58. Ba5 Bd6 59. Ke3 Kd5 60. Bc3 Bc5+
61. Kd3 Bg1 62. h3 Kc5 63. Ba5 Bf2 64. Bc3 Bh4 65. Ba5 Bf6 66. Bc3 Bd8 67. Bd2
Bc7 68. Ke3 Bd6 69. Kd3 Kd5 70. Ke3 Ba3 71. Kd3 Bb2 72. Ke3 Bd4+ 73. Kd3 Bb2 74.
Ke3 Bd4+ 1/2-1/2

[Event "IMSA World Masters Rapid"]
[Site "Hengshui CHN"]
[Date "2019.05.16"]
[EventDate "2019.05.14"]
[Round "10.7"]
[Result "0-1"]
[White "Ruslan Ponomariov"]
[Black "Hao Wang"]
[WhiteElo "2675"]
[BlackElo "2735"]
[PlyCount "118"]

1. e4 c5 2. Nf3 d6 3. d4 cxd4 4. Nxd4 Nf6 5. Nc3 a6 6. h3 e6 7. g4 h6 8. Bg2 Be7
9. Be3 Nc6 10. f4 Nd7 11. O-O Nxd4 12. Qxd4 O-O 13. Qd2 Rb8 14. Ne2 b5 15. Rad1
Bb7 16. e5 Bxg2 17. Kxg2 d5 18. Nd4 Rc8 19. Qe2 Bc5 20. c3 Qe7 21. Bf2 Rfe8 22.
Rfe1 b4 23. Qxa6 Ra8 24. Qe2 Rec8 25. Ra1 bxc3 26. bxc3 Bb6 27. Rec1 Rc4 28.
Rab1 Qa3 29. Rb2 Bxd4 30. Bxd4 Nc5 31. Rcb1 Ne4 32. Rb8+ Rxb8 33. Rxb8+ Kh7 34.
Qb2 Qe7 35. g5 hxg5 36. Rb7 Rc7 37. Rxc7 Qxc7 38. fxg5 Qc4 39. Qc2 Kg6 40. Be3
Qxc3 41. Qxc3 Nxc3 42. a3 Kf5 43. Bd4 Ne2 44. Bb2 Nf4+ 45. Kg3 Nd3 46. Bc3 Nc5
47. Kf3 Kxg5 48. Bd4 Nb3 49. Ke3 Kh4 50. a4 Na5 51. Kf2 Kxh3 52. Bb6 Nc6 53. a5
Nb4 54. Ke3 Kg4 55. Kd4 Na6 56. Kc3 Kf4 57. Kb3 Kxe5 58. Ka4 Kd6 59. Kb5 Nc7+ 0-1

[Event "IMSA World Masters Rapid"]
[Site "Hengshui CHN"]
[Date "2019.05.16"]
[EventDate "2019.05.14"]
[Round "11.7"]
[Result "0-1"]
[White "Boris Gelfand"]
[Black "Hao Wang"]
[WhiteElo "2676"]
[BlackElo "2735"]
[PlyCount "86"]

1. c4 Nf6 2. Nc3 e6 3. e4 d5 4. e5 d4 5. exf6 dxc3 6. bxc3 Qxf6 7. d4 e5 8. Nf3
Nc6 9. Be2 exd4 10. Bg5 Qg6 11. cxd4 Bg4 12. Be3 Bb4+ 13. Kf1 O-O 14. h4 Rfe8
15. Rb1 a5 16. h5 Qf6 17. h6 g6 18. Kg1 b6 19. Rb3 Bf8 20. d5 a4 21. Rb1 Ne5 22.
Nxe5 Bxe2 23. Qxe2 Rxe5 24. Qc2 Rae8 25. Rh3 a3 26. Rf3 Qh4 27. Rh3 Qg4 28. Rf1
Re4 29. Rc1 Qf5 30. Qa4 Bd6 31. Rf3 Qh5 32. Rh3 Qe5 33. Qc2 f5 34. Rf1 Qb2 35.
Qa4 Qxa2 36. Qd7 R4e7 37. Qc6 Qb2 38. Bc1 Qe2 39. Re3 Rxe3 40. Bxe3 Rxe3 41.
fxe3 Qxe3+ 42. Rf2 Qe1+ 43. Rf1 Bc5+ 0-1

[Event "IMSA World Masters Blitz"]
[Site "Hengshui CHN"]
[Date "2019.05.17"]
[EventDate "2019.05.17"]
[Round "1.3"]
[Result "1/2-1/2"]
[White "Anton Korobov"]
[Black "Hao Wang"]
[WhiteElo "2687"]
[BlackElo "2735"]
[PlyCount "118"]

1. d4 Nf6 2. c4 e6 3. Nf3 d5 4. Nc3 Nbd7 5. cxd5 exd5 6. Bg5 c6 7. e3 Be7 8. Bd3
Ne4 9. Bxe7 Qxe7 10. Qc2 Ndf6 11. Ne5 O-O 12. O-O Bf5 13. Rae1 Nxc3 14. bxc3
Bxd3 15. Nxd3 Ne4 16. Rb1 Nd6 17. Ne5 f6 18. Nd3 Rfe8 19. Nb2 Qf7 20. Rfc1 Re7
21. c4 dxc4 22. Nxc4 Nxc4 23. Qxc4 Qxc4 24. Rxc4 Kf7 25. h3 Ke6 26. Rc5 Kd6 27.
a4 b6 28. Rc3 Rc7 29. e4 c5 30. Rd1 Ke6 31. f4 Rd8 32. Kf2 Re7 33. d5+ Kd6 34.
Kf3 Rde8 35. Re1 f5 36. e5+ Kxd5 37. Rd1+ Kc6 38. Rd6+ Kc7 39. Rcd3 Kb7 40. g4
fxg4+ 41. hxg4 g5 42. Rd7+ Rxd7 43. Rxd7+ Kc6 44. Rxh7 c4 45. Ke4 gxf4 46. Kxf4
c3 47. Rh3 Kd5 48. Rxc3 Rf8+ 49. Kg5 Kxe5 50. Rc7 Rg8+ 51. Kh4 a6 52. g5 b5 53.
axb5 axb5 54. Rb7 Kf5 55. Rxb5+ Kg6 56. Rb6+ Kg7 57. Rb7+ Kg6 58. Rb6+ Kg7 59.
Rb7+ Kg6 1/2-1/2

[Event "IMSA World Masters Blitz"]
[Site "Hengshui CHN"]
[Date "2019.05.17"]
[EventDate "2019.05.17"]
[Round "2.3"]
[Result "1/2-1/2"]
[White "Hao Wang"]
[Black "Anton Korobov"]
[WhiteElo "2735"]
[BlackElo "2687"]
[PlyCount "68"]

1. e4 c5 2. Nf3 d6 3. Bb5+ Bd7 4. Bxd7+ Nxd7 5. O-O Ngf6 6. Qe2 Qc7 7. Rd1 Rc8
8. c4 Ne5 9. Nc3 e6 10. b3 Nxf3+ 11. Qxf3 Be7 12. d4 cxd4 13. Rxd4 O-O 14. Bb2
a6 15. Rdd1 Rfd8 16. Rac1 Nd7 17. Ne2 Bf6 18. Bxf6 Nxf6 19. h3 Qa5 20. a4 b5 21.
axb5 axb5 22. Qd3 bxc4 23. Rxc4 Rb8 24. Rd4 d5 25. exd5 Nxd5 26. Nf4 h6 27. Nxd5
Rxd5 28. Rxd5 exd5 29. Qxd5 Qxd5 30. Rxd5 Rxb3 31. Rd8+ Kh7 32. Rd7 Kg8 33. Rd8+
Kh7 34. Rd7 Kg8 1/2-1/2

[Event "IMSA World Masters Blitz"]
[Site "Hengshui CHN"]
[Date "2019.05.17"]
[EventDate "2019.05.17"]
[Round "3.3"]
[Result "1-0"]
[White "Dominguez Perez, Leinier"]
[Black "Hao Wang"]
[WhiteElo "2750"]
[BlackElo "2735"]
[PlyCount "76"]

1. e4 e5 2. Nf3 Nc6 3. Bc4 Bc5 4. c3 Nf6 5. d3 d6 6. Nbd2 a6 7. Bb3 Ba7 8. Nf1
Ng4 9. d4 O-O 10. Ng3 Nf6 11. O-O Bg4 12. Be3 exd4 13. cxd4 Re8 14. h3 Bxf3 15.
gxf3 Ne7 16. Kh2 c5 17. dxc5 Bxc5 18. e5 Nd7 19. e6 Ne5 20. f4 Bxe3 21. fxe5
fxe6 22. Bxe6+ Kh8 23. fxe3 Nc6 24. Bd5 Nxe5 25. Qd4 Rc8 26. Rf2 Rc7 27. Raf1 h6
28. a3 b5 29. Nh5 Qg5 30. Rf8+ Rxf8 31. Rxf8+ Kh7 32. Be4+ g6 33. Nf6+ Kg7 34.
Rg8+ Kf7 35. Qd5+ Ke7 36. Re8+ Kxf6 37. Qxd6+ Kf7 38. Qf8# 1-0

[Event "IMSA World Masters Blitz"]
[Site "Hengshui CHN"]
[Date "2019.05.17"]
[EventDate "2019.05.17"]
[Round "6.7"]
[Result "0-1"]
[White "Hao Wang"]
[Black "Vladimir3 Fedoseev"]
[WhiteElo "2735"]
[BlackElo "2683"]
[PlyCount "182"]

1. c4 e5 2. Nc3 Nc6 3. Nf3 f5 4. g3 Nf6 5. d4 e4 6. Nh4 d5 7. Bg5 dxc4 8. e3 Be7
9. Bxc4 g6 10. Ng2 Qd6 11. a3 a6 12. Bh6 b5 13. Ba2 b4 14. axb4 Nxb4 15. Bg7
Nxa2 16. Bxh8 Nb4 17. O-O Bd7 18. Nf4 Kf7 19. Qb3+ Kf8 20. Na4 g5 21. Bxf6 Bxf6
22. Nc5 Rb8 23. Nd5 Be6 24. Qxb4 Rxb4 25. Nxb4 Bc4 26. Rfc1 Bb5 27. Ncxa6 f4 28.
Nc5 fxe3 29. fxe3 Bxd4 30. Rf1+ Bxf1 31. Rxf1+ Kg8 32. exd4 Qxd4+ 33. Kg2 Qxc5
34. Na2 e3 35. Nc3 Qc6+ 36. Kg1 Qb7 37. Re1 Qf3 38. Re2 c5 39. Rc2 c4 40. Re2
Kf7 41. Rc2 Qf5 42. Re2 Qd3 43. Kg2 g4 44. Kf1 Kf6 45. Ke1 Kg5 46. Rg2 Qf5 47.
Re2 Qf3 48. Kd1 Qf1+ 49. Kc2 Qf3 50. Kb1 Kf5 51. Kc2 Ke5 52. Re1 Kd4 53. Rd1+
Kc5 54. Re1 h5 55. Re2 Kd4 56. Re1 Qf2+ 57. Re2 Qf5+ 58. Kc1 Qf1+ 59. Kc2 Qh1
60. Nd1 Qe4+ 61. Kc1 Kd3 62. Rxe3+ Qxe3+ 63. Nxe3 Kxe3 64. Kc2 Kf2 65. Kc3 Kg2
66. Kxc4 Kxh2 67. b4 h4 68. b5 hxg3 69. b6 g2 70. b7 g1=Q 71. b8=Q+ g3 72. Qh8+
Kg2 73. Kd3 Qf1+ 74. Kd2 Qf4+ 75. Ke2 Qe4+ 76. Kd2 Kf3 77. Qh5+ Kf2 78. Qf7+ Qf3
79. Qa7+ Kf1 80. Qa1+ Kg2 81. Qa6 Qf2+ 82. Kc3 Qe3+ 83. Kb2 Kf2 84. Qf6+ Ke1 85.
Qh4 Qf2+ 86. Kc1 g2 87. Qe4+ Kf1 88. Qc4+ Kg1 89. Qg4 Qe3+ 90. Kb2 Kf2 91. Qh4+
Kf1 0-1

[Event "IMSA World Masters Blitz"]
[Site "Hengshui CHN"]
[Date "2019.05.17"]
[EventDate "2019.05.17"]
[Round "8.6"]
[Result "1-0"]
[White "Boris Gelfand"]
[Black "Hao Wang"]
[WhiteElo "2676"]
[BlackElo "2735"]
[PlyCount "86"]

1. d4 Nf6 2. Nf3 d5 3. c4 e6 4. g3 Be7 5. Bg2 O-O 6. Qc2 c5 7. dxc5 d4 8. b4 a5
9. b5 Bxc5 10. O-O Nbd7 11. Nbd2 a4 12. Bb2 e5 13. Rae1 h6 14. e3 dxe3 15. fxe3
Re8 16. Kh1 Qb6 17. Nh4 Nf8 18. Nf5 Ng6 19. Ne4 Nxe4 20. Bxe4 Be6 21. Nxh6+ gxh6
22. Bxg6 Qc7 23. Bf5 a3 24. Ba1 Bf8 25. Bxe6 Rxe6 26. Qe4 Rc8 27. Rc1 b6 28. Rf5
Bg7 29. g4 Rd8 30. Rcf1 Rd2 31. R5f2 Red6 32. Bc3 Rxf2 33. Rxf2 Qd7 34. Bb4 Rd1+
35. Kg2 Rd3 36. h3 Bf8 37. Bxf8 Kxf8 38. Qxe5 Kg8 39. Qb8+ Kg7 40. Qxb6 Qe7 41.
Qc6 Rxe3 42. Qd5 Qc7 43. Qd4+ Re5 1-0

[Event "IMSA World Masters Blitz"]
[Site "Hengshui CHN"]
[Date "2019.05.17"]
[EventDate "2019.05.17"]
[Round "9.8"]
[Result "1-0"]
[White "Hao Wang"]
[Black "Rauf Mamedov"]
[WhiteElo "2735"]
[BlackElo "2650"]
[PlyCount "48"]

1. e4 c5 2. Nf3 d6 3. d4 Nf6 4. Nc3 cxd4 5. Nxd4 g6 6. Be3 Bg7 7. f3 Nc6 8. Qd2
O-O 9. O-O-O d5 10. Qe1 e5 11. Nxc6 bxc6 12. exd5 Nxd5 13. Bc4 Be6 14. Kb1 a5
15. Ne4 a4 16. g4 Qc7 17. Bc5 Rfd8 18. g5 Nf4 19. Bxe6 Nxe6 20. Bd6 Qb7 21. Nf6+
Bxf6 22. gxf6 c5 23. Qe3 Nd4 24. Rxd4 1-0

[Event "IMSA World Masters Blitz"]
[Site "Hengshui CHN"]
[Date "2019.05.17"]
[EventDate "2019.05.17"]
[Round "10.8"]
[Result "1/2-1/2"]
[White "Rauf Mamedov"]
[Black "Hao Wang"]
[WhiteElo "2650"]
[BlackElo "2735"]
[PlyCount "172"]

1. e4 c5 2. Nf3 d6 3. Nc3 a6 4. g3 Nf6 5. Bg2 Nc6 6. O-O e6 7. d4 cxd4 8. Nxd4
Bd7 9. Nb3 Be7 10. a4 b6 11. g4 O-O 12. f4 Rc8 13. g5 Ne8 14. Qh5 Nb4 15. Rf2 g6
16. Qd1 Ng7 17. Be3 a5 18. Nb5 d5 19. c3 Nc6 20. f5 exf5 21. exd5 Ne5 22. Qd4
Ng4 23. Qxb6 Nxe3 24. Qxe3 Bxg5 25. Qd4 Re8 26. Rf3 Nh5 27. Kh1 Re4 28. Qa7 Nf4
29. Nc5 Nxg2 30. Qxd7 Nh4 31. Qxd8+ Bxd8 32. Nxe4 Nxf3 33. Ned6 Rb8 34. c4 Nd2
35. Rd1 Nb3 36. Re1 Bb6 37. Ne8 Kf8 38. Nf6 Rd8 39. d6 Nc5 40. Nd5 Ba7 41. Nxa7
Rxd6 42. Nb5 Rc6 43. Nbc3 Nd3 44. Re2 Rxc4 45. Nf6 Kg7 46. Ne8+ Kf8 47. Nd6 Rb4
48. Re8+ Kg7 49. Re7 Rxb2 50. Rxf7+ Kh6 51. Rd7 Ne5 52. Nf7+ Nxf7 53. Rxf7 Rc2
54. Rc7 Rc1+ 55. Kg2 Rc2+ 56. Kg3 g5 57. Nd5 f4+ 58. Kh3 Ra2 59. Rc6+ Kh5 60.
Nf6+ Kg6 61. Kg4 Rg2+ 62. Kf3 Ra2 63. Ng4+ Kg7 64. Rc7+ Kg6 65. Rc6+ Kg7 66. h4
Ra3+ 67. Ke4 Rxa4+ 68. Kf5 gxh4 69. Rc7+ Kf8 70. Nf6 Rb4 71. Nxh7+ Ke8 72. Nf6+
Kd8 73. Rc3 a4 74. Ne4 Rb3 75. Rc1 f3 76. Kf4 a3 77. Ra1 h3 78. Nf2 h2 79. Kg3
Rb2 80. Kxh2 Rxf2+ 81. Kg3 Rb2 82. Rxa3 f2 83. Kg2 Kd7 84. Rf3 Ke6 85. Rxf2
Rxf2+ 86. Kxf2 1/2-1/2

[Event "IMSA World Masters Blitz"]
[Site "Hengshui CHN"]
[Date "2019.05.17"]
[EventDate "2019.05.17"]
[Round "11.6"]
[Result "0-1"]
[White "Quang Liem Le"]
[Black "Hao Wang"]
[WhiteElo "2704"]
[BlackElo "2735"]
[PlyCount "122"]

1. e4 c5 2. Nf3 d6 3. d4 cxd4 4. Nxd4 Nf6 5. Nc3 a6 6. h3 e6 7. g4 h6 8. Bg2 Be7
9. O-O O-O 10. Be3 Nc6 11. f4 Nxd4 12. Qxd4 Nd7 13. Qd2 Rb8 14. Ne2 b5 15. f5
Ne5 16. b3 Re8 17. Rad1 Bf8 18. Nf4 Bb7 19. Qf2 Rc8 20. Kh1 Qc7 21. Rd2 Qa5 22.
Bd4 exf5 23. exf5 Bxg2+ 24. Qxg2 Nc6 25. Bg1 Qxa2 26. Nd5 Qb2 27. g5 hxg5 28.
Qxg5 Qe5 29. Re1 Qxd5+ 30. Rxd5 Rxe1 31. f6 g6 32. Qg2 Ne5 33. Kh2 Rc3 34. Bf2
Nf3+ 35. Kg3 Ne5+ 36. Kh2 Re2 37. Rd1 Rcxc2 38. Rf1 Nd3 39. Kg1 Nxf2 40. Qf3 Ne4
41. Rd1 Ng5 42. Qg4 Ne6 43. h4 Re5 44. Rf1 Rcc5 45. Rf2 Rf5 46. Rxf5 Rxf5 47.
Qg2 Rxf6 48. Qc6 Rf5 49. Qxa6 Rh5 50. b4 Be7 51. Qc8+ Kg7 52. Qd7 Bxh4 53. Qxd6
Bf6 54. Kg2 Bd4 55. Qc6 Rf5 56. Kg3 Bf6 57. Kg2 Be7 58. Qc3+ Kg8 59. Kg1 Bf8 60.
Kg2 Rf4 61. Qc6 Rxb4 0-1

[Event "IMSA World Masters Blitz"]
[Site "Hengshui CHN"]
[Date "2019.05.18"]
[EventDate "2019.05.17"]
[Round "13.4"]
[Result "1/2-1/2"]
[White "Hao Wang"]
[Black "Peter Leko"]
[WhiteElo "2735"]
[BlackElo "2674"]
[PlyCount "96"]

1. e4 e5 2. Nf3 Nc6 3. Bc4 Bc5 4. c3 Nf6 5. d3 d6 6. O-O a6 7. a4 Ba7 8. Nbd2
O-O 9. Re1 h6 10. Nf1 Re8 11. h3 Be6 12. Bxe6 Rxe6 13. b4 d5 14. Qc2 Qd7 15. Ng3
Rd8 16. Bb2 b5 17. axb5 axb5 18. Bc1 Bb6 19. Be3 Bxe3 20. Rxe3 dxe4 21. dxe4 Ne7
22. Ree1 Ng6 23. Nf5 Qc6 24. g3 Ree8 25. Kg2 Rd7 26. Rac1 Red8 27. c4 Rb8 28.
Re3 bxc4 29. Qxc4 Qxc4 30. Rxc4 Rb5 31. Rec3 Ne8 32. h4 Ne7 33. Nxe7+ Rxe7 34.
Nd2 Nd6 35. Rxc7 Rxc7 36. Rxc7 Rxb4 37. Rc5 Nxe4 38. Nxe4 Rxe4 39. f3 Re2+ 40.
Kf1 Re3 41. Kf2 Ra3 42. Rxe5 g6 43. Re8+ Kg7 44. Re5 h5 45. Rd5 Rb3 46. Re5 Ra3
47. Rd5 Rb3 48. Re5 Ra3 1/2-1/2

[Event "IMSA World Masters Blitz"]
[Site "Hengshui CHN"]
[Date "2019.05.18"]
[EventDate "2019.05.17"]
[Round "14.4"]
[Result "1/2-1/2"]
[White "Peter Leko"]
[Black "Hao Wang"]
[WhiteElo "2674"]
[BlackElo "2735"]
[PlyCount "92"]

1. e4 e5 2. Nf3 Nc6 3. Bc4 Nf6 4. d3 Bc5 5. O-O d6 6. c3 O-O 7. Re1 a6 8. a4 Ba7
9. h3 Kh8 10. Be3 Bxe3 11. Rxe3 a5 12. Re1 Be6 13. Nbd2 h6 14. Qb3 Qd7 15. Nf1
Bxc4 16. Qxc4 Rfe8 17. Ne3 Kg8 18. Rad1 b6 19. Nh2 Ne7 20. Nhg4 Nxg4 21. hxg4
Qc6 22. Qb3 Rad8 23. c4 Qd7 24. Nf5 Qe6 25. Qc2 Qg6 26. Qe2 Nxf5 27. gxf5 Qf6
28. b3 g6 29. Qg4 Kh7 30. fxg6+ fxg6 31. Re3 Rf8 32. Rf3 Qe7 33. d4 Rxf3 34.
Qxf3 Rf8 35. Qe3 h5 36. dxe5 Qxe5 37. f3 Qc5 38. Kf2 Re8 39. Rd5 Qxe3+ 40. Kxe3
Kg7 41. f4 Kf6 42. Kf3 Re7 43. Rd1 Re8 44. Rd5 Re7 45. Rd1 Re8 46. Rd5 1/2-1/2

[Event "IMSA World Masters Blitz"]
[Site "Hengshui CHN"]
[Date "2019.05.18"]
[EventDate "2019.05.17"]
[Round "15.4"]
[Result "0-1"]
[White "Hao Wang"]
[Black "Dmitry Andreikin"]
[WhiteElo "2735"]
[BlackElo "2722"]
[PlyCount "58"]

1. e4 e5 2. Nf3 Nc6 3. Bc4 Bc5 4. c3 Nf6 5. d3 O-O 6. O-O d6 7. a4 a5 8. Nbd2
Ba7 9. h3 Ne7 10. Re1 Ng6 11. Nf1 Re8 12. Ng3 Be6 13. Bxe6 Rxe6 14. Qb3 Nd7 15.
d4 h6 16. Qxb7 Rf6 17. Qb3 Rxf3 18. gxf3 Nh4 19. Qd1 Qf6 20. f4 exf4 21. Nf5
Qg5+ 22. Qg4 Nf3+ 23. Kh1 Nxe1 24. Bxf4 Qxg4 25. hxg4 Nd3 26. Be3 Nxb2 27. Ne7+
Kf8 28. Nc6 Bb6 29. f3 Nb8 0-1

[Event "IMSA World Masters Blitz"]
[Site "Hengshui CHN"]
[Date "2019.05.18"]
[EventDate "2019.05.17"]
[Round "16.4"]
[Result "1/2-1/2"]
[White "Dmitry Andreikin"]
[Black "Hao Wang"]
[WhiteElo "2722"]
[BlackElo "2735"]
[PlyCount "46"]

1. e4 c5 2. Nf3 d6 3. d4 cxd4 4. Nxd4 Nf6 5. Nc3 a6 6. g3 e5 7. Nf3 Be7 8. Bg2
O-O 9. O-O b5 10. Nh4 g6 11. Bh6 Re8 12. h3 b4 13. Na4 Bb7 14. Re1 Nbd7 15. Qd2
a5 16. Nf5 Bc6 17. b3 Bxa4 18. bxa4 Nc5 19. Ng7 Rf8 20. Nf5 Re8 21. Ng7 Rf8 22.
Nf5 Re8 23. Ng7 1/2-1/2

[Event "IMSA World Masters Blitz"]
[Site "Hengshui CHN"]
[Date "2019.05.18"]
[EventDate "2019.05.17"]
[Round "17.2"]
[Result "1/2-1/2"]
[White "Richard Rapport"]
[Black "Hao Wang"]
[WhiteElo "2736"]
[BlackElo "2735"]
[PlyCount "84"]

1. b3 e5 2. Bb2 Nc6 3. c4 g6 4. g3 Bg7 5. Bg2 d6 6. Nc3 Nf6 7. e3 O-O 8. Nge2
Be6 9. d4 exd4 10. Nxd4 Nxd4 11. Qxd4 Nd5 12. Qd2 Nxc3 13. Bxc3 Bxc3 14. Qxc3 c6
15. Rd1 Qe7 16. O-O Rfd8 17. Qa5 Rd7 18. Rd4 a6 19. Rfd1 Rad8 20. h3 Qf6 21.
R4d2 Qe5 22. Qb6 Kg7 23. Kh2 h5 24. Kg1 Qf6 25. a4 Qc3 26. a5 d5 27. cxd5 cxd5
28. Rd3 Qb2 29. R1d2 Qa1+ 30. Rd1 Qb2 31. R1d2 Qa1+ 32. Kh2 Qe5 33. h4 Qf6 34.
Rd4 Qe7 35. Rb4 Rc8 36. Qd4+ Qf6 37. Rb6 Qxd4 38. Rxd4 Rc2 39. Kg1 Rc1+ 40. Kh2
Rc2 41. Kg1 Rc1+ 42. Kh2 Rc2 1/2-1/2

[Event "IMSA World Masters Blitz"]
[Site "Hengshui CHN"]
[Date "2019.05.18"]
[EventDate "2019.05.17"]
[Round "18.2"]
[Result "1/2-1/2"]
[White "Hao Wang"]
[Black "Richard Rapport"]
[WhiteElo "2735"]
[BlackElo "2736"]
[PlyCount "52"]

1. d4 e6 2. e4 d5 3. Nd2 dxe4 4. Nxe4 Bd7 5. Nf3 Bc6 6. Bd3 Nd7 7. c3 Ngf6 8.
Nxf6+ Nxf6 9. O-O Bxf3 10. Qxf3 Qd5 11. Qxd5 Nxd5 12. Re1 O-O-O 13. Be4 c6 14.
Bd2 h5 15. h4 g6 16. g3 Bh6 17. Bxh6 Rxh6 18. Kg2 Rhh8 19. Rad1 Nf6 20. Bf3 Kc7
21. Kf1 Rd6 22. Re5 Nd7 23. Re3 Nf6 24. Re5 Nd7 25. Re3 Nf6 26. Re5 1/2-1/2

[Event "IMSA World Masters Blitz"]
[Site "Hengshui CHN"]
[Date "2019.05.18"]
[EventDate "2019.05.17"]
[Round "21.8"]
[Result "0-1"]
[White "Gawain C B Jones"]
[Black "Hao Wang"]
[WhiteElo "2702"]
[BlackElo "2735"]
[PlyCount "132"]

1. e4 e5 2. d4 exd4 3. Nf3 Nc6 4. Bc4 Nf6 5. e5 Ne4 6. Qe2 Nc5 7. O-O Be7 8. Rd1
Ne6 9. Bxe6 dxe6 10. Be3 Bd7 11. Bxd4 O-O 12. Nc3 Qe8 13. Be3 Rd8 14. Nb5 Rc8
15. a4 a6 16. Nc3 Rd8 17. Bg5 Bxg5 18. Nxg5 h6 19. Nh3 Qe7 20. Rd3 Bc8 21. Rg3
Nd4 22. Qc4 Nf5 23. Rg4 c5 24. Ne4 Rd4 25. Nf6+ Kh8 26. Rxd4 cxd4 27. Ne4 Rd8
28. Rd1 Bd7 29. Ng3 Bc6 30. Nxf5 exf5 31. Rxd4 Re8 32. Qe2 Qc5 33. Qd2 Qxe5 34.
f3 g5 35. f4 Qe1+ 36. Qxe1 Rxe1+ 37. Kf2 Rc1 38. Rc4 f6 39. Ng1 Kg7 40. Ne2 Rh1
41. Nd4 Bd5 42. Rc7+ Kg6 43. c4 Be4 44. Nf3 g4 45. Ne1 Rxh2 46. Kg1 g3 47. Rc8
Kf7 48. b4 Rh4 49. Rd8 Rxf4 50. Rd2 Rg4 51. b5 axb5 52. cxb5 Rg8 53. a5 Rc8 54.
Kf1 Rc1 55. a6 bxa6 56. bxa6 Ra1 57. Rb2 Rxa6 58. Rb3 f4 59. Rb4 f5 60. Rb2 Kf6
61. Ke2 Kg5 62. Nf3+ Bxf3+ 63. Kxf3 Re6 64. Rb3 h5 65. Ra3 h4 66. Rb3 Re3+ 0-1

[Event "IMSA World Masters Blitz"]
[Site "Hengshui CHN"]
[Date "2019.05.18"]
[EventDate "2019.05.17"]
[Round "22.8"]
[Result "1-0"]
[White "Hao Wang"]
[Black "Gawain C B Jones"]
[WhiteElo "2735"]
[BlackElo "2702"]
[PlyCount "108"]

1. e4 c5 2. Nf3 d6 3. Bb5+ Bd7 4. Bxd7+ Qxd7 5. c4 Nf6 6. Nc3 g6 7. d4 cxd4 8.
Nxd4 Bg7 9. f3 O-O 10. Be3 Nc6 11. O-O Rac8 12. Nxc6 bxc6 13. Qd2 Rfd8 14. Rfd1
Qb7 15. Bg5 Qb4 16. b3 Ng4 17. Rac1 Qc5+ 18. Kf1 Nf6 19. Na4 Qe5 20. Kg1 Nd7 21.
Be3 c5 22. Nc3 Re8 23. Nd5 Nb6 24. Qa5 Nxd5 25. cxd5 Rb8 26. Rc4 Rb7 27. Qd2
Reb8 28. Ra4 Rc8 29. Rc1 Rcb8 30. Ra6 f5 31. Ra4 Rb4 32. Rc4 fxe4 33. Rxe4 Qa1+
34. Kf2 Bc3 35. Qe2 Rxa4 36. Rxa4 a5 37. Re4 Rb7 38. Bg5 Bd4+ 39. Kg3 Be5+ 40.
Kh3 Kf7 41. Qa6 Rb4 42. Qc8 Rxe4 43. Qe6+ Kg7 44. Qxe7+ Kg8 45. Qe6+ Kg7 46.
fxe4 Qxa2 47. Qe7+ Kg8 48. Qe8+ Kg7 49. Qd7+ Kg8 50. Qc8+ Kg7 51. Qb7+ Kg8 52.
Bh6 g5 53. Qc8+ Kf7 54. Qe6# 1-0

[Event "Chinese League"]
[Site "Daqing CHN"]
[Date "2019.06.20"]
[EventDate "2019.06.19"]
[Round "2.5"]
[Result "1-0"]
[White "Wang Hao"]
[Black "Changren Dai"]
[WhiteElo "2737"]
[BlackElo "2480"]
[PlyCount "121"]

1. Nf3 Nf6 2. g3 b5 3. Bg2 Bb7 4. Na3 b4 5. Nc4 a5 6. O-O e6
7. d3 Be7 8. e4 d5 9. exd5 Bxd5 10. a4 O-O 11. b3 Nbd7 12. Bb2
Ra6 13. Qe2 Qa8 14. Rfe1 Ne8 15. Ne3 Bb7 16. Ne5 Nxe5 17. Bxb7
Qxb7 18. Bxe5 Nf6 19. Bb2 Nd7 20. Qh5 Bf6 21. Bxf6 Nxf6
22. Qb5 Qa7 23. Qe5 Rd8 24. h3 Rad6 25. Kg2 Qa8+ 26. f3 Nd7
27. Qf4 Nb6 28. Qe4 Rd4 29. Qe5 R4d6 30. Re2 Nd7 31. Qf4 Qa7
32. Nc4 Rd5 33. Rae1 Qc5 34. Re4 Nf6 35. Re5 Rxe5 36. Rxe5 Rd5
37. Re2 h6 38. Ne5 Rd4 39. Qe3 Rd5 40. Qxc5 Rxc5 41. d4 Rd5
42. Nc6 Kf8 43. Re5 Rd6 44. Nxa5 Rxd4 45. Kf2 Rd2+ 46. Re2 Rd1
47. Nc4 Rc1 48. Ke3 Rd1 49. Rd2 Nd5+ 50. Kd4 Rf1 51. a5 Ke7
52. Kc5 Kd8 53. Ne5 f6 54. Nc6+ Kc8 55. Re2 Rxf3 56. Rxe6 Kd7
57. Nd4 Rxg3 58. Kxd5 Rg5+ 59. Kc4 c5 60. Nf3 Rg2 61. Ne1 1-0

[Event "Belt and Road Hunan Open"]
[Site "Changsha CHN"]
[Date "2019.07.31"]
[EventDate "2019.07.29"]
[Round "3.5"]
[Result "1-0"]
[White "Wang Hao"]
[Black "Wen Yang"]
[WhiteElo "2725"]
[BlackElo "2586"]
[PlyCount "92"]

1. d4 Nf6 2. c4 e6 3. Nc3 Bb4 4. f3 c5 5. d5 b5 6. e4 d6
7. Ne2 O-O 8. Nf4 bxc4 9. Bxc4 Bxc3+ 10. bxc3 e5 11. Ne2 Nfd7
12. Bd3 Qa5 13. Bd2 c4 14. Bxc4 Qc7 15. Bb3 Nc5 16. O-O a5
17. Bc2 Nbd7 18. f4 Ba6 19. Rf3 Bxe2 20. Qxe2 exf4 21. Bxf4
Rae8 22. Re3 Ne5 23. h3 Re7 24. Rb1 Rfe8 25. Qb5 Ng6 26. Bg3
Ne5 27. Bf2 Qd8 28. Ree1 Rb7 29. Qe2 Rc7 30. Rb5 Ncd7 31. Bd4
Rc8 32. Rf1 h6 33. Qf2 Re7 34. Qg3 Kh8 35. Qh4 f6 36. Rfb1 Nc5
37. Qf2 Ncd7 38. Qf5 Kg8 39. Rb7 Rc7 40. R7b5 Rc8 41. Kh2 Nf7
42. Bd3 Nfe5 43. Be2 Ra8 44. Qf2 Nf7 45. Qf4 Qe8 46. Bh5 Nde5
1-0

[Event "Isle of Man Grand Swiss"]
[Site "Douglas IMN"]
[Date "2019.10.11"]
[EventDate "?"]
[Round "2.6"]
[Result "0-1"]
[White "Rauf Mamedov"]
[Black "Wang Hao"]
[WhiteElo "2645"]
[BlackElo "2726"]
[PlyCount "85"]

1. e4 c5 2. Nf3 d6 3. Bb5+ Nd7 4. c3 Nf6 5. Qe2 a6 6. Ba4 b5
7. Bc2 e5 8. O-O Be7 9. d4 O-O 10. Rd1 Qc7 11. d5 c4 12. Nbd2
Nc5 13. b3 a5 14. bxc4 bxc4 15. Nf1 Ba6 16. Ng3 Rfb8 17. Ba3
g6 18. Qe3 Nd3 19. h3 Nd7 20. Rab1 Rxb1 21. Rxb1 Rb8 22. Nd2
Rxb1+ 23. Bxb1 N7c5 24. Bc2 Bb5 25. Ngf1 Na4 26. Nb1 Kg7
27. Nfd2 h6 28. Nf3 Bd8 29. h4 h5 30. Bxd3 cxd3 31. Bc1 Kg8
32. Qh6 Nc5 33. Nbd2 Nd7 34. Ba3 Nf6 35. Nxe5 dxe5 36. Qf8+
Kh7 37. c4 Ba4 38. Bd6 Qd7 39. Nf3 Nxe4 40. Bxe5 f6 41. Bf4
Qe8 42. Qa3 Bb6 43. Kh2 0-1

[Event "Yinzhou Cup"]
[Site "Ningbo CHN"]
[Date "2019.12.22"]
[EventDate "2019.12.22"]
[Round "1.1"]
[Result "1-0"]
[White "Wang Hao"]
[Black "Yu Yangyi"]
[WhiteElo "2756"]
[BlackElo "2738"]
[PlyCount "97"]

1. c4 c5 2. Nf3 Nf6 3. Nc3 e6 4. e3 d5 5. cxd5 Nxd5 6. Bb5+
Bd7 7. Be2 Nc6 8. O-O Be7 9. d4 cxd4 10. Nxd5 exd5 11. Nxd4
O-O 12. Bf3 Bf6 13. b3 Nxd4 14. exd4 Bf5 15. Re1 Re8 16. Rxe8+
Qxe8 17. Be3 Be6 18. Rc1 Rc8 19. h3 Rc6 20. Qd2 h6 21. g4 a6
22. Kg2 Qc8 23. Rxc6 Qxc6 24. Bd1 Be7 25. Bc2 Bf8 26. Bb1 Bd7
27. Bf4 Qe6 28. Bd3 Bb5 29. Bf5 Qe8 30. Be5 g6 31. Bc2 Bg7
32. Bxg7 Kxg7 33. Bd1 Bd7 34. Bf3 Be6 35. h4 Qd8 36. g5 hxg5
37. hxg5 f6 38. Qe3 Bf7 39. gxf6+ Qxf6 40. Bg4 g5 41. Bc8 b5
42. b4 Bg6 43. Qe5 Qxe5 44. dxe5 Bd3 45. Kf3 d4 46. Bxa6 Bf1
47. Ke4 d3 48. Ke3 Kf7 49. Bxb5 1-0